000 00506nam a2200217Ia 4500
008 210210b1955 xxu||||| |||| 00| 0 eng d
041 _aeng
082 _a334/15
100 _aCOLM (Gerhard)
245 _aEssays in public finance and fiscal policy
260 _aLondon
_bOxford University Press
_c1955
650 _apublic
650 _apolicy
650 _ain
650 _afiscal
650 _afinance
650 _aEssays
650 _aand
690 _aPublic Finance
906 _a004279
999 _c123941
_d123941